Критерии, определяющие уверенность человека в будущем (по материалам социологических исследований); Общество и непрерывное благополучие человека
| Parent link: | Общество и непрерывное благополучие человека.— 2014.— [С. 222-224] |
|---|---|
| Yazar: | |
| Müşterek Yazar: | |
| Özet: | Заглавие с экрана Теория благосостояния неразрывна с изучением методов организации хозяйства, которые обеспечивают в обществе необходимое количество благ. Природу благосостояния пытались изучить с давних времен, и по сей день открывают что-то новое в данном вопросе. Главной проблемой в этой области является само определение общественного благосостояния, что же все-таки на него влияет и от чего оно зависит. В данной статье рассматриваются различные исторические аспекты становления и развития теории благосостояния, рассматривается то, как менялось представление ученых о сущности благосостояния с течением времени. |
| Dil: | Rusça |
| Baskı/Yayın Bilgisi: |
2014
|
| Seri Bilgileri: | Социально-психологические модели и технологии исследования непрерывного благополучия людей в современном обществе |
| Konular: | |
| Online Erişim: | http://earchive.tpu.ru/handle/11683/21317 http://www.lib.tpu.ru/fulltext/c/2014/C55/052.pdf |
| Materyal Türü: | MixedMaterials Elektronik Kitap Bölümü |
| KOHA link: | https://koha.lib.tpu.ru/cgi-bin/koha/opac-detail.pl?biblionumber=605383 |
MARC
| LEADER | 00000naa2a2200000 4500 | ||
|---|---|---|---|
| 001 | 605383 | ||
| 005 | 20260226162327.0 | ||
| 035 | |a (RuTPU)RU\TPU\conf\2668 | ||
| 035 | |a RU\TPU\conf\2666 | ||
| 090 | |a 605383 | ||
| 100 | |a 20140410d2014 k y0rusy50 ca | ||
| 101 | 0 | |a rus | |
| 102 | |a RU | ||
| 135 | |a drcn ---uucaa | ||
| 181 | 0 | |a i | |
| 182 | 0 | |a b | |
| 200 | 1 | |a Критерии, определяющие уверенность человека в будущем (по материалам социологических исследований) |f Н. А. Лукьянова | |
| 203 | |a Текст |c электронный | ||
| 215 | |a 1 файл(283 Кб) | ||
| 225 | 1 | |a Социально-психологические модели и технологии исследования непрерывного благополучия людей в современном обществе | |
| 300 | |a Заглавие с экрана | ||
| 330 | |a Теория благосостояния неразрывна с изучением методов организации хозяйства, которые обеспечивают в обществе необходимое количество благ. Природу благосостояния пытались изучить с давних времен, и по сей день открывают что-то новое в данном вопросе. Главной проблемой в этой области является само определение общественного благосостояния, что же все-таки на него влияет и от чего оно зависит. В данной статье рассматриваются различные исторические аспекты становления и развития теории благосостояния, рассматривается то, как менялось представление ученых о сущности благосостояния с течением времени. | ||
| 337 | |a Adobe Reader | ||
| 463 | 1 | |0 (RuTPU)RU\TPU\conf\2055 |t Общество и непрерывное благополучие человека |o сборник научных трудов Международного научного симпозиума студентов и молодых ученых, г. Томск, 27-30 марта 2014 г. |f Национальный исследовательский Томский политехнический университет (ТПУ) ; под ред. Г. А. Барышевой и др. |v [С. 222-224] |d 2014 | |
| 610 | 1 | |a электронный ресурс | |
| 610 | 1 | |a труды учёных ТПУ | |
| 610 | 1 | |a критерии | |
| 610 | 1 | |a уверенность | |
| 610 | 1 | |a будущее | |
| 610 | 1 | |a социологические исследования | |
| 700 | 1 | |a Лукьянова |b Н. А. |c специалист в области психологии и права |c профессор Томского политехнического университета, доктор философских наук |f 1971- |g Наталия Александровна |3 (RuTPU)RU\TPU\pers\25996 |9 11845 | |
| 712 | 0 | 2 | |a Национальный исследовательский Томский политехнический университет (ТПУ) |b Институт социально-гуманитарных технологий (ИСГТ) |b Кафедра социологии, психологии и права (СОЦ) |3 (RuTPU)RU\TPU\col\18373 |
| 801 | 1 | |a RU |b 63413507 |c 20101016 | |
| 801 | 2 | |a RU |b 63413507 |c 20220407 |g RCR | |
| 856 | 4 | |u http://earchive.tpu.ru/handle/11683/21317 | |
| 856 | 4 | |u http://www.lib.tpu.ru/fulltext/c/2014/C55/052.pdf | |
| 942 | |c CF | ||